Η ίδρυση και τα πρώτα χρόνια της Σχολής Φυσικών και Μαθηματικών Επιστημών του Πανεπιστημίου Αθηνών (τέλη 19ου αι. - 1922) : καίρια ζητήματα, μετέωρα βήματα : διπλωματική εργασία [διδακτορική διατριβή]
Saved in:
| Main Author: | |
|---|---|
| Corporate Author: | |
| Format: | Thesis Book |
| Language: | Greek |
| Published: |
2022.
|
| Subjects: | |
| Tags: |
Add Tag
No Tags, Be the first to tag this record!
|
MARC
| LEADER | 00000nam a2200000 a 4500 | ||
|---|---|---|---|
| 001 | 1/127606 | ||
| 008 | 231031s2022####gr | ||| |||| ||gre|| | ||
| 040 | |a GR-MyUa |b gre |c GR-MyUa |e AACR2 | ||
| 041 | 0 | |a gre | |
| 082 | 7 | |a 378.495 |2 (23) | |
| 100 | 1 | |a Σιγούντου, Βασιλική. | |
| 245 | 1 | 2 | |a Η ίδρυση και τα πρώτα χρόνια της Σχολής Φυσικών και Μαθηματικών Επιστημών του Πανεπιστημίου Αθηνών (τέλη 19ου αι. - 1922) : |b καίρια ζητήματα, μετέωρα βήματα : διπλωματική εργασία [διδακτορική διατριβή] / |c Σιγούντου Βασιλική ; επιβλέπων καθηγητής: Κιμουρτζής Παναγιώτης. |
| 260 | |c 2022. | ||
| 300 | |a 549 σ : |b πίν. ; |c 30 εκ. | ||
| 500 | |a Μέλη εξεταστικής επιτροπής: Κιμουρτζής Παναγιώτης, Σταμέλος Γεώργιος, Κυπριανός Παντελής, Κόκκινος Γεώργιος, Παπαδάκης Νικόλαος, Τσεκούρας Αθανάσιος, Μανιτάκης Νικόλαος. | ||
| 502 | |a Διπλωματική εργασία - Πανεπιστήμιο Αιγαίου, Ρόδος 2022. | ||
| 504 | |a Βιβλιογραφία: σ. 519 - 549. | ||
| 506 | 0 | |a Πλήρες κείμενο - Ενδοπανεπιστημιακή δημοσίευση - Κλειδωμένη η δυνατότητα αντιγραφής. | |
| 650 | 0 | |a Universities and colleges. | |
| 650 | 0 | |a Education, Higher |z Greece. | |
| 650 | 0 | |a Education |z Greece |x History. | |
| 650 | 0 | |a Education, Higher |x History. | |
| 650 | 0 | |a Physical sciences. | |
| 700 | 1 | |a Κιμουρτζής, Παναγιώτης Γ. |e dgs | |
| 710 | 2 | |a Πανεπιστήμιο Αιγαίου. |b Σχολή Ανθρωπιστικών Επιστημών. |b Παιδαγωγικό Τμήμα Δημοτικής Εκπαίδευσης. | |
| 852 | |a INST |b RHODES |c DIATR |e 20231031 |h 378.495 ΣΙΓ |p 005400043863 |q 005400043863 |t PHD |y 23 | ||
| 924 | |a Σιγούντου |b Βασιλική |y Ρόδος |z 2022-04 | ||
| 970 | |a Καραγιάννης |b Φίλιππος |z 31/10/2023 | ||